000 00388nam a2200133Ia 4500
008 151001s9999||||xx |||||||||||||| ||und||
100 _aकुमुदिनी रांगणेकर
245 _aआडवळणी खून
250 _a1
260 _bराजेंद्र प्रकाशन ठाणे
260 _c1985
300 _a139
365 _b18
999 _c974282
_d974279